[Event "VEN-ch U16 3rd"]
[Site "San Antonio"]
[Date "2016.04.02"]
[Round "4.5"]
[White "Guerrero Corniel, Christian"]
[Black "Saab Escalona, Karim Nijib"]
[Result "1-0"]
[WhiteElo "1841"]
[BlackElo "1600"]
[PlyCount "81"]
[EventDate "2016.04.01"]
[EventType "swiss"]
[EventRounds "7"]
[EventCountry "VEN"]
[SourceTitle "EXT 2022"]
[Source "ChessBase"]
[SourceDate "2021.10.06"]
[SourceVersion "1"]
[SourceVersionDate "2021.10.06"]
[SourceQuality "1"]

1. d4 Nf6 2. c4 g6 3. Nc3 Bg7 4. e4 d6 5. Be2 0-0 6. Bg5 Nbd7 7. Qd2 e5 8. d5 Nc5 9. f3 a5 10. g4 Qe8 11. h4 Nfd7 12. Nb5 Na6 13. Qxa5 b6 14. Qd2 f6 15. Bh6 Qd8 16. Bxg7 Kxg7 17. Bd1 Rf7 18. Ne2 Ndc5 19. Ng3 Nb4 20. Bc2 Nxc2+ 21. Qxc2 Ba6 22. Na3 Qd7 23. Rc1 Qa4 24. Qxa4 Nxa4 25. b4 Bc8 26. 0-0 f5 27. exf5 gxf5 28. Nb5 Nb2 29. g5 Nd3 30. Rb1 Rxa2 31. Nh5+ Kg6 32. Nf6 Re7 33. Ra1 Rxa1 34. Rxa1 Nxb4 35. Ra7 Ba6 36. Nxd6 cxd6 37. Rxe7 Bxc4 38. Re6 Nd3 39. Rxd6 b5 40. Rb6 Nc5 41. Nd7+ 1-0

[Event "South America School-ch"]
[Site "Aracaju"]
[Date "2014.12.06"]
[Round "2.1"]
[White "Quinonez Garcia, Santiago"]
[Black "Guerrero Corniel, Christian"]
[Result "1-0"]
[WhiteElo "2036"]
[BlackElo "1721"]
[PlyCount "53"]
[EventDate "2014.12.06"]
[EventType "team-swiss"]
[EventRounds "7"]
[EventCountry "BRA"]
[SourceTitle "EXT 2016"]
[Source "ChessBase"]
[SourceDate "2015.10.08"]
[SourceVersion "1"]
[SourceVersionDate "2015.10.08"]
[SourceQuality "1"]
[WhiteTeam "Colombia"]
[BlackTeam "Venezuela"]
[WhiteTeamCountry "COL"]
[BlackTeamCountry "VEN"]

1. e4 c5 2. Nf3 e6 3. c3 d5 4. exd5 Qxd5 5. d4 Nf6 6. Be3 cxd4 7. cxd4 Nc6 8. Nc3 Qa5 9. Bd2 Qb6 10. Na4 Qd8 11. Bb5 Be7 12. Bxc6+ bxc6 13. Rc1 0-0 14. 0-0 Ba6 15. Re1 Rb8 16. b3 Nd5 17. Ne5 Bb5 18. Nc5 Bxc5 19. Rxc5 Ne7 20. Qg4 Rc8 21. a4 Ba6 22. Bg5 Bb7 23. Bf6 g6 24. Qh4 Re8 25. Ng4 Qd6 26. Be5 Nf5 27. Qf6 1-0

[Event "Pan American-ch U14 24th"]
[Site "Pocos de Caldas"]
[Date "2013.07.30"]
[Round "7.15"]
[White "Guerrero Corniel, Christian"]
[Black "Inciso Vera, Luis Angel"]
[Result "1-0"]
[WhiteElo "1677"]
[BlackElo "1435"]
[PlyCount "49"]
[EventDate "2013.07.25"]
[EventType "swiss"]
[EventRounds "9"]
[EventCountry "BRA"]
[SourceTitle "EXT 2016"]
[Source "ChessBase"]
[SourceDate "2015.10.08"]
[SourceVersion "1"]
[SourceVersionDate "2015.10.08"]
[SourceQuality "1"]

1. Nf3 d5 2. g3 e6 3. Bg2 Nf6 4. 0-0 Bd6 5. d3 h6 6. Nbd2 0-0 7. c3 Nbd7 8. Re1 Re8 9. Qc2 Nf8 10. e4 Ng6 11. e5 Nxe5 12. Nxe5 c5 13. Nef3 Qc7 14. Nf1 Rb8 15. N3d2 b5 16. c4 Ba6 17. b3 Be5 18. Rb1 Red8 19. Nf3 Bd6 20. cxd5 Nxd5 21. a3 Nf6 22. Bb2 Be7 23. d4 Bb7 24. dxc5 Bxc5 25. Be5 1-0

[Event "Pan American-ch U14 24th"]
[Site "Pocos de Caldas"]
[Date "2013.07.28"]
[Round "4.8"]
[White "Escalante Ramirez, Brian Sebastian"]
[Black "Guerrero Corniel, Christian"]
[Result "1-0"]
[WhiteElo "1841"]
[BlackElo "1677"]
[PlyCount "45"]
[EventDate "2013.07.25"]
[EventType "swiss"]
[EventRounds "9"]
[EventCountry "BRA"]
[SourceTitle "EXT 2016"]
[Source "ChessBase"]
[SourceDate "2015.10.08"]
[SourceVersion "1"]
[SourceVersionDate "2015.10.08"]
[SourceQuality "1"]

1. e4 c5 2. Nf3 e6 3. c3 d5 4. e5 Nc6 5. d4 Qb6 6. a3 Nh6 7. b4 cxd4 8. cxd4 a6 9. Bd3 Nf5 10. 0-0 Bd7 11. Nc3 Qd8 12. Bxf5 exf5 13. Nxd5 Be7 14. Be3 0-0 15. Nc3 Qc7 16. Rc1 Rfd8 17. Nd5 Qb8 18. Nb6 Be6 19. d5 Nxe5 20. Nxe5 Qxe5 21. Nxa8 Bxd5 22. Bc5 Bxg2 23. Qe1 1-0